000 01292cam a2200301 i 4500
001 5518
003 Mx-PuUPA
005 20221117094141.0
008 140415s1986 sp a gr 000 0 spa d
020 _a8401602408
_qobra completa
040 _aMx-PuUPA
_bspa
_cMx-PuUPA
_dMx-PuUPA
_erda
041 1 _aspa
_hger
_hdut
245 0 0 _aDecennium :
_bnuestro siglo, texto, imágenes y sonidos /
_cdirector general, Félix Hereza Villanueva ; director editorial, Guillem Burrel i Floría
264 1 _aBarcelona :
_bPlaza & Jamés, Editores,
_c1986
300 _a5 tomos (paginación varía) :
_bilustraciones, mapas ;
_c29 cm.
336 _2rdacontent
_atexto
_btxt
337 _2rdamedia
_asin medio
_bn
338 _2rdacarrier
_avolumen
_bnc
505 _gv.1.
_tAños 40. --
_gv.2.
_tAños 50. --
_gv.3.
_tAños 60. --
_gv.4.
_tAños 70. --
_gv.5.
_tAños 80.
650 7 _aHistoria moderna
_ySiglo XX
_2armarc
650 7 _aHistoria
_ySiglo XX
_xCronología
_2armarc
700 1 _aHereza Villanueva, Félix,
_edirector
_912329
700 1 _aBurrel i Floría, Guillem,
_edirector
_912531
942 _2ddc
_cLI
_h909.82
_iD295
999 _c5518
_d5518